Click the Compass #3 - Statistics

General Stats
  • This quiz has been taken 2,003 times
  • The average score is 15 of 25
Answer Stats
Hint Extra Hint Answer % Correct
_____ Macedonia Country bordering Greece North
88%
_____ Korea Country home to Samsung South
87%
_____ern Ocean Ocean encircling Antarctica South
77%
____ Germany 1974 World Cup host West
76%
The _____ Wing TV show set in the White House West
76%
_____ Dakota US State, largest city Fargo North
71%
_____ern Time Zone US time zone of NYC and Washington D.C. East
71%
_____ern Bloc Cold War era group of socialist states East
70%
Old _____ Historic American frontier West
68%
_________ Territories territory of Canada, capital Yellowknife Northwest
67%
_________ blackout 2003 Power outage in New York, Maryland, Ontario… Northeast
67%
_____ern Australia Australian state, capital Perth West
64%
South by _________ Film and music festival in Austin, Texas Southwest
64%
_____ end London theatre district West
62%
_____ern Alps New Zealand mountain range South
62%
_____ African Community 7-country organisation including Kenya, Tanzania East
60%
_____ Pacific Musical on an island in WW2 South
59%
_____ Anglia English region of Norfolk and Suffolk East
56%
_____ of the Border Ed Sheeran song South
54%
_____ Carolina US State where Blackbeard died North
51%
_____ern Mariana Islands US territory in the Pacific North
50%
_________ passage Shipping route along Russian Arctic coast Northeast
36%
Into the _____ Final song in Lord of the Rings trilogy West
35%
_____ Elijah Wood movie North
33%
_________ern Anatolia Turkish region bordering Syria Southeast
28%
No matching quizzes found
Score Distribution
Percent of People with Each Score
Percentile by Number Answered
Your Score History
You have not taken this quiz